|
|
|
|
| LEADER |
00000nam a2200000Ia 4500 |
| 008 |
141002s2011 cr a 000 | und d |
| 999 |
|
|
|c 1762
|d 1762
|
| 090 |
|
|
|a 06.03.06
|b 1561
|
| 100 |
1 |
|
|9 736
|a Arguedas Quesada, Consuelo
|
| 245 |
1 |
0 |
|a Recopilación y difusión de las composiciones infantiles creadas por estudiantes de educación inicial de la Escuela de Formación Docente. Vol.I /
|c Consuelo Arguedas Quesada
|
| 260 |
|
|
|a San José, Costa Rica :
|b INIE,
|c 2011
|
| 300 |
|
|
|a 55 páginas
|
| 500 |
|
|
|a Proyecto de Acción Social ED-2634 La unidad posee informes del Vol.I y Vol.II
|
| 650 |
1 |
4 |
|a EDUCACIÓN PREESCOLAR
|9 455
|
| 650 |
1 |
4 |
|a MÚSICA
|9 13
|
| 650 |
1 |
4 |
|a MATERIAL DIDÁCTICO
|9 785
|
| 942 |
|
|
|i 003251 ,003748 ,003803
|h 06.03.06 1561
|2 z
|c 04
|